महाभारत की कहानियां / (Record no. 204252)
[ view plain ]
| 000 -LEADER | |
|---|---|
| fixed length control field | 00899nam a22002057a 4500 |
| 005 - DATE AND TIME OF LATEST TRANSACTION | |
| control field | 20240722131032.0 |
| 010 ## - LCCN (DPL NO) | |
| LC control number | B-760079 |
| 020 ## - INTERNATIONAL STANDARD BOOK NUMBER | |
| International Standard Book Number | 9788121613835 |
| Terms of availability | 250.00 |
| 035 ## - SYSTEM CONTROL NUMBER | |
| System control number | B-760079 |
| 037 ## - SOURCE OF ACQUISITION | |
| Source of stock number/acquisition | उपहार |
| 082 ## - DEWEY DECIMAL CLASSIFICATION NUMBER | |
| Classification number | क |
| 100 ## - MAIN ENTRY--PERSONAL NAME | |
| Personal name | धामा, तेजपाल सिंह |
| 245 ## - TITLE STATEMENT | |
| Title | महाभारत की कहानियां / |
| Statement of responsibility, etc | तेजपाल सिंह धामा |
| 260 ## - PUBLICATION, DISTRIBUTION, ETC. (IMPRINT) | |
| Place of publication, distribution, etc | नई दिल्ली |
| Name of publisher, distributor, etc | हिन्द पॉकेट बुक्स |
| Date of publication, distribution, etc | 2014 |
| 270 ## - ADDRESS | |
| Address | जे-40, जोरबाग लेन, |
| City | नई दिल्ली |
| Postal code | 110028 |
| 300 ## - PHYSICAL DESCRIPTION | |
| Extent | 78पृ. |
| Dimensions | 22सेमी (अजिल्द) |
| 700 ## - ADDED ENTRY--PERSONAL NAME | |
| Personal name | धामा, तेजपाल सिंह |
| 9 (RLIN) | 798 |
| 942 ## - ADDED ENTRY ELEMENTS (KOHA) | |
| Source of classification or shelving scheme | Dewey Decimal Classification |
| Item type | Children Books |
| Call number suffix | महाभा |
| Classification part | क |
| Withdrawn status | Lost status | Not for loan | Collection code | Home library | Current library | Date acquired | Source of acquisition | Cost, normal purchase price | Full call number | Barcode | Copy number | Cost, replacement price | Koha item type | Public note |
|---|---|---|---|---|---|---|---|---|---|---|---|---|---|---|
| Fiction | Kadipur | Kadipur | 22/07/2024 | उपहार /19.07.2024 | 70.00 | महाभा क | B-760079 | 1 | 70.00 | Children Books | उपहार |
